Najpopularniejsi raperzy w tym tygodniu . 29.01-04.02 - Statystyki

Ogólne statystyki
  • Ten quiz został rozwiązany 63 razy
  • Średni wynik to 7 z 15
Statystyki odpowiedzi
Miejsce w poprzednim tygodniu Wyświetlenia Raper % Poprawnych
#2 6.86M Bedoes
90%
#16 2.27M Mata
81%
#15 2.51M White 2115
64%
#7 4.30M Kizo
63%
#1 5.95M Szpaku
53%
#12 4.13M Żabson
53%
#10 3.20M Quebonafide
49%
#3 6.31M Guzior
47%
#6 4.01M Sobel
47%
#9 4.35M Kabe
42%
#13 2.28M Malik Montana
39%
#11 3.18M Paluch
39%
#4 4.36M Tymek
36%
#8 3.83M Kali
27%
#5 3.96M Major SPZ
10%
Nie znaleziono quizów pasujących do podanych kryteriów
Rozkład punktacji
Procent ludzi z każdym wynikiem
Percentyl według liczby udzielonych odpowiedzi
Twoja historia wyników
Nie rozwiązałeś tego quizu